'And' Movies II Quiz Stats

Quiz not verified by Sporcle

Challenge
Share
Tweet
Score 0/45 Timer 06:00
0 Plays Today
% Correct
Alvin
98.7%
Pride
97.5%
Four Weddings
97.5%
Thelma
96.2%
Planes, Trains
96.2%
Monty Python
96.2%
Dazed
96.2%
The Chronicles of Narnia: The Lion, The Witch
96.2%
The Fox
94.9%
To Live
94.9%
Cowboys
93.7%
Bill
93.7%
Dr. Strangelove or: How I Learned to Stop Worrying
92.4%
The Princess
92.4%
Harry
92.4%
To Have
92.4%
Harold
91.1%
Cheech
91.1%
Sugar
89.9%
Julie
89.9%
A Boy
89.9%
The Quick
89.9%
Tango
89.9%
% Correct
Jason
89.9%
Sex
87.3%
Cloak
87.3%
Oliver
86.1%
Rosencrantz
86.1%
Knight
86.1%
Benny
86.1%
Tristan
86.1%
Flesh
86.1%
House of Sand
84.8%
Hedwig
81%
Town
81%
Akeelah
81%
The Falcon
79.7%
Check
79.7%
Tammy
78.5%
The Diving Bell
75.9%
Lone Wolf
73.4%
The Sword
73.4%
The Mill
70.9%
Red Roses
69.6%
Swallows
68.4%

You're not logged in!

Compare scores with friends on all Sporcle quizzes.
Sign Up with Email
OR
Log In

You Might Also Like...

Show Comments

Extras

Top Quizzes Today


Score Distribution

Your Account Isn't Verified!

In order to create a playlist on Sporcle, you need to verify the email address you used during registration. Go to your Sporcle Settings to finish the process.

Report this User

Report this user for behavior that violates our Community Guidelines.

Details: